<?xml version="1.0" encoding="UTF-8"?>
<record
    xmlns:xsi="http://www.w3.org/2001/XMLSchema-instance"
    xsi:schemaLocation="http://www.loc.gov/MARC21/slim http://www.loc.gov/standards/marcxml/schema/MARC21slim.xsd"
    xmlns="http://www.loc.gov/MARC21/slim">

  <leader>01915nam a22001577a 4500</leader>
  <datafield tag="082" ind1=" " ind2=" ">
    <subfield code="a">621</subfield>
  </datafield>
  <datafield tag="100" ind1=" " ind2=" ">
    <subfield code="a">Sardar, Hassan </subfield>
    <subfield code="9">122663</subfield>
  </datafield>
  <datafield tag="245" ind1=" " ind2=" ">
    <subfield code="a">Experimental Study of Lings Airways /</subfield>
    <subfield code="c">Hassan Sardar</subfield>
  </datafield>
  <datafield tag="264" ind1=" " ind2=" ">
    <subfield code="a">Islamabad : </subfield>
    <subfield code="b">SMME- NUST; </subfield>
    <subfield code="c">2022.</subfield>
  </datafield>
  <datafield tag="300" ind1=" " ind2=" ">
    <subfield code="a">55p.</subfield>
    <subfield code="b">Soft Copy</subfield>
    <subfield code="c">30cm</subfield>
  </datafield>
  <datafield tag="500" ind1=" " ind2=" ">
    <subfield code="a">Breathing is phenomenon essential for every mammal on Earth. Key role of respiratory system is transmission of vital gases between air and blood. Conventionally some macroscale techniques for flow visualization in trachea-bronchial region was achieved by using 3D printing of idealized/realistic airways model. Due to limitations in fabrication and CT image resolution, limited amount of experimental study is done on bronchial region. We fabricated simplified model of terminal bronchi airways by using polydimethylsiloxane. Micro-fluidic channel is fabrication by using the 3D printed molds via SLA printer (FormLabs 3+ with layer thickness of 50 &#x3BC;m). The mold is then used to fabricate transparent channel of PDMS which is good for visualization of flow. It is first of its kind of fabrication of terminal bronchial airways by using microfluidic chip fabrication method. Moreover, the chips fabricated using the PDMS have some paybacks like we can easily visualize flow passing through the airways. We use syringe pumps for flow of three breathing conditions sleep, normal and exercise. We demonstrated airways focusing using microscope and visualized fluid flow by using particle image velocimetry method. The statistics evidence good agreement with our experimental results and simulation results from the literature. The results shows that turbulence kinetics energy decreases by using pressurized meter dose inhaler.</subfield>
  </datafield>
  <datafield tag="650" ind1=" " ind2=" ">
    <subfield code="a">MS Mechanical Engineering    </subfield>
    <subfield code="9">119495</subfield>
  </datafield>
  <datafield tag="700" ind1=" " ind2=" ">
    <subfield code="a">Supervisor : Dr. Emad Uddin</subfield>
    <subfield code="9">119529</subfield>
  </datafield>
  <datafield tag="856" ind1=" " ind2=" ">
    <subfield code="u">http://10.250.8.41:8080/xmlui/handle/123456789/30569</subfield>
  </datafield>
  <datafield tag="942" ind1=" " ind2=" ">
    <subfield code="2">ddc</subfield>
    <subfield code="c">THE</subfield>
  </datafield>
  <datafield tag="999" ind1=" " ind2=" ">
    <subfield code="c">609114</subfield>
    <subfield code="d">609114</subfield>
  </datafield>
  <datafield tag="952" ind1=" " ind2=" ">
    <subfield code="0">0</subfield>
    <subfield code="1">0</subfield>
    <subfield code="4">0</subfield>
    <subfield code="7">0</subfield>
    <subfield code="a">SMME</subfield>
    <subfield code="b">SMME</subfield>
    <subfield code="c">EB</subfield>
    <subfield code="d">2024-05-14</subfield>
    <subfield code="l">0</subfield>
    <subfield code="o">621</subfield>
    <subfield code="p">SMME-TH-732</subfield>
    <subfield code="r">2024-05-14</subfield>
    <subfield code="w">2024-05-14</subfield>
    <subfield code="y">THE</subfield>
  </datafield>
</record>
